| 000 | 01449cam a2200229 4500 | ||
|---|---|---|---|
| 001 | ABS64524 | ||
| 008 | 010926n2001 000 0 eng u | ||
| 035 | _a(Sirsi) u114833 | ||
| 100 | _aWard, R. | ||
| 245 | _aUnder construction | ||
| 260 | _c2001 | ||
| 490 |
_aEstates Gazette _v(0138) 22 September 2001, 188(1) |
||
| 520 | _aThe chief aim of the Housing Grants, Construction and Regeneration Act 1996 was to speed up the resolution of disputes within the building industry, through the introduction of adjudication. In the first of two articles the authors consider whether Construction Act adjudication can apply to property transactions. Notes that the 1996 Act applies to "construction contracts", but warns that the definition of a construction contract given in the Act is very wide. Also notes that any dispute that arises in a construction contract can be referred to adjudication, and that if a construction contract does not contain its own adjudication provisions a statutory adjudication scheme applies. | ||
| 590 | _aABS | ||
| 650 | _aMANAGEMENT-DISPUTE AVOIDANCE, MANAGEMENT AND RESOLUTION-DISPUTE MANAGEMENT AND RESOLUTION-ALTERNATIVE DISPUTE RESOLUTION-ADJUDICATION | ||
| 650 | _aHOUSING GRANTS CONSTRUCTION AND REGENERATION ACT 1996 | ||
| 650 | _aBUILT ENVIRONMENT-BUILDING CONTRACT FORMS | ||
| 650 |
_aLANDLORD AND TENANT _96252 |
||
| 690 |
_aDispute resolution _96236 |
||
| 700 | _aWilliams, P.J.G. | ||
| 942 | _n0 | ||
| 999 |
_c68364 _d68364 |
||